000 00520nam a2200145Ia 4500
008 100122s9999 xx 000 0 und d
082 _b21718
_a822
100 _aकालेलकर मधुसूदन
245 _aदिल्या घरी तू सुखी रहा
260 _bदिनानाथ कृ पै
_c1975
300 _a96
630 _aदिल्या घरी तू सुखी रहा
730 _aदिल्या घरी तू सुखी रहा
942 _cBOOK
999 _c409673
_d409670